|
|
|
แสดงรายละเอียดบรรณานุกรม |
|
|
Brief Record
: Get Marc (ISO 2709)
: E-mail record
: |
|
|
| LEADER 00000nam 2200000uu 4500 | |||
| 001 45845 | |||
| 003 ULIBM | |||
| 008 120918s2553||||th 000 0 tha d | |||
| 020 ^a9786167065779 | |||
| 090 ^aน^bค-ก | |||
| 100 1 ^aเคลย์ตัน, เอ็มมา | |||
| 245 1 ^aเกมกล คนกลายพันธุ์ =^bThe roar /^cเอ็มมา เคลย์ตัน | |||
| 246 3 ^aRoar | |||
| 250 ^aพิมพ์ครั้งที่ 1 | |||
| 260 ^aกรุงเทพฯ :^bเพิร์ล,^c2553 | |||
| 300 ^a422 หน้า ;^c21 ซม. 360 บาท | |||
| 500 ^aแปลจาก : The roar. c2008. | |||
| 700 0 ^aวีณา คิ้วงามพริ้ง,^eผู้แปล | |||
| 700 1 ^aClayton, Emma | |||
| 999 ^aกัลยา เตชะ | |||
| คุณยังไม่ได้ล็อกอิน คุณสามารถมีกิจกรรมร่วมกับเว็บไซต์ได้ แต่ต้องล็อกอินก่อน :: |
|
| สถานะ | |||||||||
| 1. | หนังสือ | น ค-ก 2553 Barcode: 078282 | ►นวนิยาย | On Shelf ขอยืม | |||||
| [แสดง 1/1 รายการ] | |||||||||

BibComment |
| คอมเมนท์ทรัพยากรรายการนี้ |
|
|
ห้องสมุดโรงเรียนสามัคคีวิทยาคม
159 ถ.บรรพปราการ ต.เวียง อ.เมือง จ.เชียงราย 57000
โทร. 053-711018 โทรสาร 053-713003